Statistics for History of the 1930s

Click here to take the quiz!

General Stats

  • This quiz has been taken 347 times
  • The average score is 9 of 25

Answer Stats

Year Incident Answer % Correct
1936This nation hosts the Summer OlympicsGermany
67%
1939The invasion of this country marks the beginning of World War IIPoland
66%
1933Adolf Hitler is appointed to this role by the President of GermanyChancellor
64%
1936A civil war erupts in this countrySpain
60%
1931This Chinese territory is invaded by JapanManchuria
55%
193736 people perish in the explosion of this craftHindenburg
52%
1936This British king abdicates to marry a divorcéeEdward VIII
51%
1934This economic policy is introduced to address the Depression in the USANew Deal
50%
1938A radio adaptation of this science fiction classic causes a panicWar of the Worlds
49%
1930This iconic building opens in New YorkChrysler Building
44%
1935This British advocate of Arab independence dies in a motorcycle accidentLawrence of Arabia
38%
1933Prohibition ends in America with the ratification of this amendment21st Amendment
32%
1938This name is given to Germany's annexation of AustriaAnschluss
32%
1938This agreement formalises the 'appeasement strategy' towards Nazi GermanyMunich Agreement
29%
1938A night of widespread violence against German Jews is given this nameKristallnacht
28%
1939A World's Fair is held in this cityNew York
28%
1939"Gone With The Wind" premieres in this cityAtlanta
27%
1932This dystopian novel is first publishedBrave New World
23%
1934The military retreat of China's Red Army gains this nicknameThe Long March
19%
1937This American composer dies of a brain tumorGeorge Gershwin
19%
1932This Australian structure is opened to the publicSydney Harbour Bridge
17%
1931This car manufacturer is founded in GermanyPorsche
16%
1930This aviator becomes the first woman to fly solo from England to AustraliaAmy Johnson
6%
1936This becomes the last silent (non-dialogue) film to gain wide distributionModern Times
6%
1935This becomes Hollywood's first full Technicolor filmBecky Sharp
2%

Score Distribution

Percentile by Number Answered

Percent of People with Each Score

Your Score History

You have not taken this quiz